| 000 | 00620nam a2200169 a 4500 | ||
|---|---|---|---|
| 008 | 120416s0000 ||||||||||||||||| || u | ||
| 020 | _a0821318497 | ||
| 050 | _aIBRD(08)TP | ||
| 100 | _aHolcer, Nikola | ||
| 245 | 1 | 0 | _aManufacturing telecommunications equipment in newly industrilizing countries |
| 246 | _athe effect of technological progress | ||
| 260 |
_aWashington, D.C. _bWorld Bank _c1991 |
||
| 300 | _ax, 44p. : ill. | ||
| 350 | _a0.00 | ||
| 700 | _aIvanek, Ferdo | ||
| 995 |
_D0.00 _FCBU-MAIN LIBRARY (Kitwe) _H1 _I0.00 _UAVAILABLE _ZInternational Publications |
||
| 999 |
_c50324 _d50324 |
||